Letters of Cicero : (Record no. 23347)
[ view plain ]
| 000 -LEADER | |
|---|---|
| fixed length control field | 01012nam a2200277 a 4500 |
| 001 - CONTROL NUMBER | |
| control field | 23347 |
| 003 - CONTROL NUMBER IDENTIFIER | |
| rucl marc code | BD-RJUL |
| 005 - DATE AND TIME OF LATEST TRANSACTION | |
| control field | 20211209000923.0 |
| 008 - FIXED-LENGTH DATA ELEMENTS--GENERAL INFORMATION | |
| fixed length control field | 140310t1966 enk 001 0 eng u |
| 035 ## - SYSTEM CONTROL NUMBER | |
| System control number | (BD-RjUL)23412 |
| 040 ## - CATALOGING SOURCE | |
| Original cataloging agency | WSU |
| Modifying agency | m.c |
| -- | BD-RjUL |
| Language of cataloging | eng |
| Transcribing agency | BD-RjUL |
| 041 1# - LANGUAGE CODE | |
| Language code of text/sound track or separate title | eng |
| Language code of original | lat |
| 082 04 - DEWEY DECIMAL CLASSIFICATION NUMBER | |
| Classification number | 876 |
| Author mark and year | CIL 1966 |
| 100 1# - MAIN ENTRY--PERSONAL NAME | |
| Personal name | Cicero, Marcus Tullius. |
| 9 (RLIN) | 71917 |
| 245 10 - TITLE STATEMENT | |
| Title | Letters of Cicero : |
| Remainder of title | a selection in translation / |
| Statement of responsibility, etc. | L.P. Wilkinson |
| 260 ## - PUBLICATION, DISTRIBUTION, ETC. (IMPRINT) | |
| Place of publication, distribution, etc. | London : |
| Name of publisher, distributor, etc. | Hutchinson University Library, |
| Date of publication, distribution, etc. | c1966 |
| 300 ## - PHYSICAL DESCRIPTION | |
| Pagination | 207 p. ; |
| Size | 22 cm. |
| 490 1# - SERIES STATEMENT | |
| Series statement | Hutchinson university library. Classical history and literature |
| 500 ## - GENERAL NOTE | |
| General note | "First published by Geoffrey Bles Ltd 1949; Arrow edition 1959; this edition 1966". (verso of t.-p.) |
| 504 ## - BIBLIOGRAPHY, ETC. NOTE | |
| Bibliography, etc | includes index. |
| 650 1# - SUBJECT ADDED ENTRY--TOPICAL TERM | |
| Topical term or geographic name as entry element | Cicero, Marcus Tullius -- Correspondence, reminiscences, etc. -- English. |
| 9 (RLIN) | 71918 |
| 700 1# - ADDED ENTRY--PERSONAL NAME | |
| Personal name | Wilkinson, L. P. |
| 830 #0 - SERIES ADDED ENTRY--UNIFORM TITLE | |
| Uniform title | Hutchinson university library. |
| 942 ## - ADDED ENTRY ELEMENTS (KOHA) | |
| Source of classification or shelving scheme | Dewey Decimal Classification |
| Koha item type | Books |
| Lost status | Source of classification or shelving scheme | Damaged status | Not for loan | Collection code | Permanent Location | Current Location | Shelving location | Date acquired | Source of acquisition | Cost, normal purchase price | Total Checkouts | Full call number | Date last seen | Copy number | Koha item type |
|---|---|---|---|---|---|---|---|---|---|---|---|---|---|---|---|
| Dewey Decimal Classification | Fiction | Central Library, University of Rajshahi | Central Library, University of Rajshahi | 02/04/1973 | book centre dacca | 13.75 | 876 CIL 1966 | 10/03/2014 | C-2 | Books | |||||
| Dewey Decimal Classification | Not For Loan | Fiction | Central Library, University of Rajshahi | Central Library, University of Rajshahi | Reading Room | 08/09/1972 | Book Centre | 13.75 | 876 CIL 1966 | 18/12/2025 | C-1 | Books |